| 000 | 00745nam a2200205Ia 4500 | ||
|---|---|---|---|
| 001 | L560-26144 | ||
| 003 | IT-CnALBA | ||
| 008 | 170116s9999||||xx |||||||||||||| ||und|| | ||
| 040 |
_aIT-CnALBA _cIT-CnALBA |
||
| 041 | _aITALIANO | ||
| 100 | _aMAMINI CANDIDO | ||
| 245 | 0 | _aLA CREAZIONE IN GERME, OSSIA IL MODERNO DARVINISMO ESAMINATO DI FRONTE ALLA RELIGIONE ALL'ONTOLOGIA E ALLA MORALE. | |
| 250 | _a1a ed. | ||
| 260 |
_a TORINO. _bROMANO LORENZO. EDITORE ECCL. _c1882 [1° Ed.:1882 - Ed.Ling.Originale: 1882] |
||
| 300 | _a40 p. | ||
| 501 | _aSocietà San Paolo EM - Piazza San Paolo, 14 - 12051 ALBA (CN) (non commercial uses only) ® Copyright 2017 | ||
| 650 | _aPALEONTOLOGIA-PALEOZOOLOGIA | ||
| 942 | _cBK | ||
| 957 | _71 | ||
| 999 |
_a30931 _bSI _g Copie: 1 _c285256 _d285256 |
||